Country careers : (Record no. 14428)

000 -LEADER
fixed length control field 00501pam a2200181 a 4500
020 ## - INTERNATIONAL STANDARD BOOK NUMBER
ISBN 0471575836
020 ## - INTERNATIONAL STANDARD BOOK NUMBER
ISBN 0471575828 (pbk.)
040 ## - CATALOGING SOURCE
Transcribing agency DLC
082 ## - DEWEY DECIMAL CLASSIFICATION NUMBER
Classification number 650 WIL 1993 A050 Or.
100 1# - MAIN ENTRY--AUTHOR NAME
Personal name Germer, Jerry,
245 10 - TITLE STATEMENT
Title Country careers :
Remainder of title successful ways to live and work in the country /
260 ## - PUBLICATION, DISTRIBUTION, ETC. (IMPRINT)
Place of publication New York :
Name of publisher Wiley,
Year of publication c1993
300 ## - PHYSICAL DESCRIPTION
Number of Pages xi, 274 p. :
Other physical details maps ;
Dimensions 24 cm
650 #0 - SUBJECT ADDED ENTRY--TOPICAL TERM
Topical Term Career changes
650 #0 - SUBJECT ADDED ENTRY--TOPICAL TERM
Topical Term Quality of work life
650 #0 - SUBJECT ADDED ENTRY--TOPICAL TERM
Topical Term Urban-rural migration
942 ## - ADDED ENTRY ELEMENTS (KOHA)
Koha item type សៀវភៅភាសាអង់គ្លេស
952 ## - LOCATION AND ITEM INFORMATION (KOHA)
Withdrawn status [LOCAL, KOHA] 0
Holdings
Permanent Location Date acquired Koha item type Lost status Shelving location Barcode Current Location Full call number
Library Block A2017-10-16សៀវភៅភាសាអង់គ្លេស A050A14148Library Block A650 WIL 1993 A050 Or.
មជ្ឈមណ្ឌលឯការនៃសាកលវិទ្យាល័យភូមិន្ទកសិកម្មចំការដូង

Powered by Koha